Management of technology (Record no. 29722)

000 -LEADER
fixed length control field 00547nam a2200205 i 4500
001 - CONTROL NUMBER
control field 29722
003 - CONTROL NUMBER IDENTIFIER
control field BD-DhUET
008 - FIXED-LENGTH DATA ELEMENTS--GENERAL INFORMATION
fixed length control field 830304s1979 dcu b 001 0 eng d
020 ## - INTERNATIONAL STANDARD BOOK NUMBER
International Standard Book Number 0412643707
040 ## - CATALOGING SOURCE
Original cataloging agency NNC
Transcribing agency NNC
Modifying agency BD-DhUET
082 ## - DEWEY DECIMAL CLASSIFICATION NUMBER
Classification number 658
Item number LOW/1995
100 ## - MAIN ENTRY--PERSONAL NAME
Personal name Lowe, Paul
245 14 - TITLE STATEMENT
Title Management of technology
Remainder of title perception and opportunities
250 ## - EDITION STATEMENT
Edition statement 1st ed.
260 ## - PUBLICATION, DISTRIBUTION, ETC. (IMPRINT)
Place of publication, distribution, etc. London
Name of publisher, distributor, etc. Chapman & Hall
Date of publication, distribution, etc. 1995
300 ## - PHYSICAL DESCRIPTION
Extent xxi, 358p.
504 ## - BIBLIOGRAPHY, ETC. NOTE
Bibliography, etc Includes bibliographies
650 #0 - SUBJECT ADDED ENTRY--TOPICAL TERM
Topical term or geographic name as entry element Technological innovations-Management
942 ## - ADDED ENTRY ELEMENTS (KOHA)
Koha item type General Book
Holdings
Date acquired Koha renewals Location (home branch) Withdrawn status Koha out on loan Damaged status Shelving location Price effective from Koha date last seen Koha full call number Koha date last borrowed Not for loan Piece designation (barcode) Koha item type Koha issues (times borrowed) Sublocation or collection (holding branch) Koha normalized classification for sorting Lost status Source of classification or shelving scheme Copy number
2015-06-17 Central Library, BUET   Reading section2015-06-172015-06-17658/LOW/1995  90831General Book Central Library, BUET658_000000000000000_LOW_1995  1
2018-06-23 Central Library, BUET   Circulation section2018-07-162021-12-26658/LOW/19952018-11-20 116349General Book1Central Library, BUET658_000000000000000_LOW_1995  2
2018-06-231Central Library, BUET 2025-11-30 Circulation section2018-07-162018-11-24658/LOW/19952018-11-24 116350General Book1Central Library, BUET658_000000000000000_LOW_1995  3